| 000 | 00548nam a2200217Ia 4500 | ||
|---|---|---|---|
| 999 |
_c94933 _d94933 |
||
| 003 | 0100 | ||
| 005 | 20171019151500.0 | ||
| 008 | 130307s9999 xx 000 0 und d | ||
| 040 | _cARRUPELIB | ||
| 050 | _aB765.T531 1965 | ||
| 100 |
_aThomas Aquinas, St _937219 |
||
| 245 | _aAquinas on being and essence | ||
| 260 | _aIndiana | ||
| 260 | _bUniversity of Notre Dame press | ||
| 260 | _c1965 | ||
| 300 | _a286p. | ||
| 300 | _b21cm. | ||
| 650 |
_aOntology _937220 |
||
| 650 |
_bSubstance (Philosophy) _911323 |
||
| 700 |
_aBobik, Joseph (Tr.) _937221 |
||
| 942 | 0 | 0 |
_01 _2lcc _cMONOGRAPH |